1334 1850 1680 1662 1586 1363 1871 1087 1084 1956 1953 1516 1554 1616 1262 1991 1494 1224 1070 1636 1827 1902 1220 1401 1864 1545 1505 1010 1065 1122 1791 1925 1953 1458 1034 1680 1093 1559 1570 1619 1316 1249 1223 1881 1885 1617 1115 1960 1690 1091 1512 1586 1352 1919 1105 1355 1701 1244 1863 1213 1127 1423 1372 1312 1801 1787 1175 1917 1519 1449 1373 1046 1408 1998 1414 1017 1041 1786 1824 1476 1502 1936 1636 1205 1688 1779 1458 1134 1114 1136 1342 1071 1595 1797 1955 1042 1535 1134 1831 BCNSPRNW ULIB Ver.6.0+V

เปลี่ยนเป็นภาษาไทย

Change to English
 แสดงรายละเอียดบรรณานุกรม
  กลับหน้าหลัก

Brief Record : Get Marc (ISO 2709) : E-mail record : QR code < ปิดหน้าต่าง
LEADER : 00000nam 2200000uu 4500
001    13399111754
003     ULIB
008    110707s2552||||th 000 0 tha d
020    9786167207001
082 04 DS568^bร373ต 2552
100 0  รัตนวุฒิ เนจริญรัมย์
245 10 ตลาดน้ำ (มหาชล) มนต์เสน่ห์ตลาดโบราณ /^cรัตนวุฒิ เนจริญรัมย์
250    พิมพ์ครั้งที่ 2
260    กรุงเทพฯ :^bG life,^c2552
300    251 หน้า :^bภาพประกอบ, แผนที่
651  7 ตลาดน้ำ^xภูมิประเทศและการท่องเที่ยว
651  7 ตลาดน้ำ^xหนังสือนำเที่ยว
945    ^p245^l0^i027609
995    ทศพร
999 ^a ใช้งานได้ทุกระบบ
รายการนี้ยังไม่มีแท็ก
คุณยังไม่ได้ล็อกอิน คุณสามารถมีกิจกรรมร่วมกับเว็บไซต์ได้ แต่ต้องล็อกอินก่อน ::
  ล็อกอิน

รายการสื่อสารสนเทศ

ลำดับที่ ประเภท เลขเรียก/บาร์โค้ด สถานที่ สถานะ
- ไม่พบข้อมูล -

รายการใกล้เคียง
    ผู้แต่ง [รัตนวุฒิ เนจริญรัมย์]

BibComment


ยังไม่เคยถูกคอมเมนท์

คอมเมนท์ทรัพยากรรายการนี้
  คอมเมนท์: ตลาดน้ำ มหาชล มนต..


 Copyright 2026. Bcnsprnw @Library